[Event "Valls Vs Lira Vendrellenca"]
[Site "Valls"]
[Date "2023.02.11"]
[Round "4.10"]
[White "Mas Mestres, Jordi"]
[Black "Ano Pla, Gerard"]
[Result "0-1"]
[TimeControl "90'+30\""]
[WhiteFideId "32037163"]
[BlackFideId "24560561"]
[WhiteElo "1818"]
[BlackElo "2143"]

1. e4 {[%emt 00:00:02]} c5 {[%emt 00:00:53]} 2. Nf3 {[%emt 00:01:00]} Nc6
{[%emt 00:00:05]} 3. d4 {[%emt 00:01:45]} cxd4 {[%emt 00:00:08]} 4. Nxd4 {[%emt
00:00:25]} Nf6 {[%emt 00:00:07]} 5. Nc3 {[%emt 00:00:57]} e5 {[%emt 00:00:07]}
6. Ndb5 {[%emt 00:03:16]} d6 {[%emt 00:00:06]} 7. Bg5 {[%emt 00:01:43]} a6
{[%emt 00:00:08]} 8. Na3 {[%emt 00:01:56]} b5 {[%emt 00:00:05]} 9. Bxf6 {[%emt
00:02:41]} gxf6 {[%emt 00:00:09]} 10. Nd5 {[%emt 00:01:18]} Bg7 {[%emt
00:04:57]} 11. g3 {[%emt 00:04:15]} Ne7 {[%emt 00:11:49]} 12. Nxe7 {[%emt
00:08:53]} Qxe7 {[%emt 00:00:06]} 13. Qd5 {[%emt 00:00:10]} Bb7 {[%emt
00:00:37]} 14. Qd3 {[%emt 00:02:56]} f5 {[%emt 00:03:44]} 15. Bg2 {[%emt
00:00:23]} Rd8 {[%emt 00:02:59]} 16. O-O {[%emt 00:03:24]} fxe4 {[%emt
00:01:31]} 17. Bxe4 {[%emt 00:01:10]} d5 {[%emt 00:00:41]} 18. Bg2 {[%emt
00:02:29]} e4 {[%emt 00:00:20]} 19. Qb3 {[%emt 00:00:21]} O-O {[%emt 00:00:07]}
20. c3 {[%emt 00:01:36]} Qc5 {[%emt 00:03:03]} 21. Rad1 {[%emt 00:04:17]} Kh8
{[%emt 00:00:54]} 22. Nc2 {[%emt 00:01:50]} f5 {[%emt 00:01:24]} 23. Nd4 {[%emt
00:01:24]} Bc8 {[%emt 00:04:14]} 24. Ne2 {[%emt 00:07:48]} Be5 {[%emt
00:01:53]} 25. Kh1 {[%emt 00:07:56]} Be6 {[%emt 00:05:58]} 26. Nd4 {[%emt
00:01:18]} Bxd4 {[%emt 00:11:54]} 27. Rxd4 {[%emt 00:00:50]} Rd6 {[%emt
00:09:30]} 28. Qd1 {[%emt 00:03:48]} a5 {[%emt 00:01:57]} 29. Qd2 {[%emt
00:00:27]} Rb6 {[%emt 00:02:20]} 30. b4 {[%emt 00:13:51]} axb4 {[%emt
00:00:37]} 31. Rxb4 {[%emt 00:00:44]} Rc8 {[%emt 00:02:19]} 32. Rc1 {[%emt
00:02:48]} Rbc6 {[%emt 00:02:22]} 33. Bf1 {[%emt 00:00:24]} Rb6 {[%emt
00:08:32]} 34. Qf4 {[%emt 00:02:08]} Qd6 {[%emt 00:02:28]} 35. Qe3 {[%emt
00:08:57]} Qc5 {[%emt 00:05:16]} 36. Qf4 {[%emt 00:00:07]} Qc7 {[%emt
00:00:18]} 37. Qe3 {[%emt 00:00:36]} Rc6 {[%emt 00:05:40]} 38. Qd4+ {[%emt
00:01:30]} Qg7 {[%emt 00:00:11]} 39. Qxg7+ {[%emt 00:01:32]} Kxg7 40. Bxb5
{[%emt 00:00:16]} Rxc3 {[%emt 00:00:04]} 41. Rxc3 {[%emt 00:00:21]} Rxc3 42. a4
{[%emt 00:00:06]} Ra3 {[%emt 00:00:04]} 43. Bc6 {[%emt 00:03:31]} Kf6 {[%emt
00:00:26]} 44. Kg2 {[%emt 00:00:35]} Ke5 {[%emt 00:00:05]} 45. Rb5 {[%emt
00:00:11]} f4 {[%emt 00:00:14]} 46. gxf4+ {[%emt 00:00:07]} Kxf4 {[%emt
00:00:01]} 47. Bxd5 {[%emt 00:01:20]} 0-1